| 000 | 01104cam a2200469ua 4500 | ||
|---|---|---|---|
| 020 | _c65.00 | ||
| 041 |
_aeng _h |
||
| 082 |
_a519.062 _bVEN/EN |
||
| 100 | _aVenkataraman, M K . | ||
| 245 |
_aEngineering mathematics, Vol 1 / _cM K Venkataraman. _hTextual Documents |
||
| 250 |
_a3 / _b. |
||
| 260 |
_aChennai : _bThe National Publishing Co , _c1993. |
||
| 300 | _a544. | ||
| 365 | _a65.00 | ||
| 504 | _a | ||
| 942 | _cBK | ||
| 999 |
_c9696 _d9696 |
||